| 000 -LEADER |
| fixed length control field |
01434cam a2200421Ki 4500 |
| 001 - CONTROL NUMBER |
| control field |
898280195 |
| 003 - CONTROL NUMBER IDENTIFIER |
| control field |
OCoLC |
| 005 - DATE AND TIME OF LATEST TRANSACTION |
| control field |
20190724150204.0 |
| 008 - FIXED-LENGTH DATA ELEMENTS--GENERAL INFORMATION |
| fixed length control field |
141218s2013 nyub 000 f eng d |
| 020 ## - INTERNATIONAL STANDARD BOOK NUMBER |
| International Standard Book Number |
9780375866227 (pbk.) |
| 020 ## - INTERNATIONAL STANDARD BOOK NUMBER |
| International Standard Book Number |
0375866221 (pbk.) |
| 035 ## - SYSTEM CONTROL NUMBER |
| System control number |
(OCoLC)898280195 |
| 040 ## - CATALOGING SOURCE |
| Original cataloging agency |
NYP |
| Description conventions |
rda |
| Transcribing agency |
NYP |
| Modifying agency |
NYP |
| 049 ## - LOCAL HOLDINGS (OCLC) |
| Holding library |
NYPP |
| 082 ## - DEWEY DECIMAL CLASSIFICATION NUMBER |
| Classification number |
FIC HAR |
| 091 ## - MICROFILM SHELF LOCATION (AM) [OBSOLETE] |
| Microfilm shelf location |
FIC |
| 100 1# - MAIN ENTRY--PERSONAL NAME |
| Personal name |
Hartman, Rachel, |
| Dates associated with a name |
1972- |
| Relator term |
author. |
| 245 10 - TITLE STATEMENT |
| Title |
Seraphina / |
| Statement of responsibility, etc. |
Rachel Hartman. |
| 250 ## - EDITION STATEMENT |
| Edition statement |
1st U.S./Ember ed. |
| 260 ## - PUBLICATION, DISTRIBUTION, ETC. |
| Place of publication, distribution, etc. |
New York : |
| Name of publisher, distributor, etc. |
Ember, |
| Date of publication, distribution, etc. |
2013. |
| 300 ## - PHYSICAL DESCRIPTION |
| Extent |
515 pages : |
| Other physical details |
map ; |
| Dimensions |
21 cm. |
| 336 ## - CONTENT TYPE |
| Content type term |
text |
| Source |
rdacontent. |
| 337 ## - MEDIA TYPE |
| Media type term |
unmediated |
| Source |
rdamedia. |
| 338 ## - CARRIER TYPE |
| Carrier type term |
volume |
| Source |
rdacarrier. |
| 520 ## - SUMMARY, ETC. |
| Summary, etc. |
In a world where dragons and humans coexist in an uneasy truce and dragons can assume human form, Seraphina, whose mother died giving birth to her, grapples with her own identity amid magical secrets and royal scandals, while she struggles to accept and develop her extraordinary musical talents. |
| 650 #0 - SUBJECT ADDED ENTRY--TOPICAL TERM |
| Topical term or geographic name entry element |
Identity (Philosophical concept) |
| Form subdivision |
Fiction. |
| 650 #0 - SUBJECT ADDED ENTRY--TOPICAL TERM |
| Topical term or geographic name entry element |
Self-actualization (Psychology) |
| Form subdivision |
Fiction. |
| 650 #0 - SUBJECT ADDED ENTRY--TOPICAL TERM |
| Topical term or geographic name entry element |
Dragons |
| Form subdivision |
Fiction. |
| 650 #0 - SUBJECT ADDED ENTRY--TOPICAL TERM |
| Topical term or geographic name entry element |
Secrets |
| Form subdivision |
Fiction. |
| 650 #0 - SUBJECT ADDED ENTRY--TOPICAL TERM |
| Topical term or geographic name entry element |
Music |
| Form subdivision |
Fiction. |
| 650 #0 - SUBJECT ADDED ENTRY--TOPICAL TERM |
| Topical term or geographic name entry element |
Courts and courtiers |
| Form subdivision |
Fiction. |
| 655 #7 - INDEX TERM--GENRE/FORM |
| Genre/form data or focus term |
Fantasy fiction. |
| Source of term |
lcgft. |
| 901 ## - LOCAL DATA ELEMENT A, LDA (RLIN) |
| a |
nsn |
| b |
CATBL |
| 901 ## - LOCAL DATA ELEMENT A, LDA (RLIN) |
| a |
MARS |
| 942 ## - ADDED ENTRY ELEMENTS (KOHA) |
| Source of classification or shelving scheme |
|
| Koha item type |
Books - Fiction |
| 945 ## - LOCAL PROCESSING INFORMATION (OCLC) |
| a |
.b20319701x |
| 946 ## - LOCAL PROCESSING INFORMATION (OCLC) |
| a |
m |